| 000 | 02177cam a22005054i 4500 | ||
|---|---|---|---|
| 003 | PE-LiUPU | ||
| 005 | 20250731173107.0 | ||
| 008 | 181205s2009 miua rb 001 0 eng d | ||
| 020 | _a0982048602 | ||
| 020 | _a9780982048603 | ||
| 035 | _a(Sirsi) a250934 | ||
| 040 |
_aPE-LiUPU _bspa _cPE-LiUPU _erda |
||
| 049 | _aPRUA | ||
| 082 | 0 | 4 |
_a231.7652 _bD31 _223 |
| 100 | 1 |
_aDavidson, Gregg R., _eautor. |
|
| 245 | 1 | 0 |
_aWhen faith and science collide : _babiblical approach to evaluating evolution and the age of the earth / _cG.R. Davidson. |
| 264 | 1 |
_aOxford : _bMalius Press, _c2009. |
|
| 300 |
_a288 páginas : _bilustraciones ; _c23 centímetros |
||
| 336 |
_atext _2rdacontent |
||
| 337 |
_aunmediated _2rdamedia |
||
| 338 |
_avolume _2rdacarrier |
||
| 504 | _aBibliografía: páginas 257-258. | ||
| 504 | _aÍndice: páginas 251-255. | ||
| 505 | 0 | _aSetting the stage : crisis of faith -- Historical context : heliocentrism vs Scripture -- Beginnings : Matthew and Genesis -- Genesis : inside and out -- Does science challenge Scripture? -- Confusing science with philosophy -- Choice of terms -- The credibility of modern science -- Creation science : the war of words -- What about intelligent design? -- Opening doors -- Genesis 1-2 in four parallel translations. | |
| 526 | _aSEG42 | ||
| 526 | _aSEG41 | ||
| 526 | _aSEG40 | ||
| 526 | _aSEG39 | ||
| 526 | _aP94 | ||
| 526 | _aP87 | ||
| 526 | _aP86 | ||
| 526 | _aP85 | ||
| 526 | _aP77 | ||
| 526 | _aP76 | ||
| 526 | _aP35 | ||
| 650 | 0 | 0 |
_aEvolución _xAspectos religiosos _xCristianidad. |
| 650 | 0 | 4 | _aCreación. |
| 910 |
_adbm _brri _crri _d20181205 |
||
| 942 |
_2ddc _cBOOK |
||
| 994 |
_aC0 _bPEPRU |
||
| 596 | _a1 | ||
| 999 |
_a231.7652 D31 _wDEWEY _c30401 _i79332 _f2021-11-9 _g4 _j2 _lCCODEBUL1 _mBUL _p10.00 _r0 _sY _tBOOK _u2018-12-5 _xTEOLOGIA _PP85 _0COMPRA _1FCOMPR2 _o.STAFF. Colección Teología _d30401 |
||
| 999 |
_a231.7652 D31 _wDEWEY _c2 _i79333 _f2021-11-9 _g4 _lCCODEBUL1 _mBUL _p10.00 _r0 _sY _tBOOK _u2018-12-5 _xTEOLOGIA _PP85 _0COMPRA _1FCOMPR2 _o.STAFF. Colección Teología |
||
| 980 |
_81 _gALBERTO SANCHEZ Responsable de Automatización |
||